Swords for hire: European mercenaries in eighteenth-century India.

Bibliographic Details
Main Author: Bidwell, Shelford
Format: Book
Language:English
Published: London : J. Murray, 1971.
Subjects:

MARC

Tag First Indicator Second Indicator Subfields
LEADER 00000cam a2200000 4500
001 in00000281908
005 20151010083816.0
008 720218s1971 enkabcf b 00100ceng
010 |a  72887696  
015 |a B71-28207 
020 |a 0719524326  |c 4.00 
035 |a (OCoLC)00257688 
035 |9 ABG0743AM 
040 |a DLC  |c DLC  |d TXA  |d UtOrBLW 
043 |a a-ii--- 
049 |a TXAM  |c [1146282] 
050 0 0 |a DS469  |b .B5 
082 0 |a 954/.031 
100 1 |a Bidwell, Shelford. 
245 1 0 |a Swords for hire: European mercenaries in eighteenth-century India. 
264 1 |a London :  |b J. Murray,  |c 1971. 
300 |a 11 unnumbered pages, 258 pages, 15 plates :  |b illustrations, maps, portraits ;  |c 23 cm. 
336 |a text  |b txt  |2 rdacontent 
337 |a unmediated  |b n  |2 rdamedia 
338 |a volume  |b nc  |2 rdacarrier 
504 |a Bibliography: pages 247-248. 
650 0 |a Soldiers of fortune. 
651 0 |a India  |x History  |y 18th century. 
651 0 |a India  |x History, Military. 
999 |a MARS 
999 f f |s 7e95cddd-e30e-3d75-a061-51b11eb008b1  |i f408ff27-56a6-32b4-bbb7-e67be5c82a51  |t 0 
952 f f |p ric  |a Texas A&M University  |b Rellis Campus  |c Joint Library Facility  |d Remote Storage  |t 0  |e DS469 .B5  |h Library of Congress classification  |i unmediated -- volume  |m A14802048611 
998 f f |a DS469 .B5  |t 0  |l Remote Storage